000 00296nam a22001337a 4500
008 181016b xxu||||| |||| 00| 0 eng d
020 _a2900073316719
041 _aeng
080 _23rd
_a940
100 _a16
101 _aSHH
245 _aThe West in the World
_cSherman,D
942 _2udc
_cBK
999 _c49874
_d49874